Principles of environmental science: Inquiry & applications

Rather than the 25 to 30 chapters found in most environmental science textbooks, the authors have limited Principles of Environmental Science: Inquiry and Applications to 15 chapters--perfect for the one-semester, non-majors environmental science course. True to its title, the goal of this concise t...

全面介绍

Đã lưu trong:
书目详细资料
主要作者: Cunningham, William P.
格式: 图书
语言:Undetermined
出版: New York McGraw-Hill c2008
主题:
标签: 添加标签
没有标签, 成为第一个标记此记录!
Thư viện lưu trữ: Trung tâm Học liệu Trường Đại học Cần Thơ
LEADER 01285nam a2200253Ia 4500
001 CTU_133465
008 210402s9999 xx 000 0 und d
020 |c 1510000 
082 |a 363.7 
082 |b C973 
100 |a Cunningham, William P. 
245 0 |a Principles of environmental science: 
245 0 |b Inquiry & applications 
245 0 |c William Cunningham, Mary Ann Cunningham 
260 |a New York 
260 |b McGraw-Hill 
260 |c c2008 
520 |a Rather than the 25 to 30 chapters found in most environmental science textbooks, the authors have limited Principles of Environmental Science: Inquiry and Applications to 15 chapters--perfect for the one-semester, non-majors environmental science course. True to its title, the goal of this concise text is to provide an up-to-date, introductory view of essential themes in environmental science along with offering students numerous opportunities to practice scientific thinking and active learning. 
526 |a Quản lý chất thải rắn và chất thải nguy hại 
526 |b MTQ606 
650 |a Environmental sciences,Khoa học môi trường 
650 |x Textbooks,Sách giáo khoa 
904 |i Trọng Hiếu 
980 |a Trung tâm Học liệu Trường Đại học Cần Thơ